• 首页
  • 本馆介绍
  • 公告通知
  • 最新文献
  • 馆藏检索
  • 电子资源
  • 读者导购
  • 参考咨询
  • 我的图书馆
  • 登录
  • 详细信息显示
  • 放入我的书架
  • 预约/预借图书
  • 作者相关作品
  • 分类相关作品
  • 丛书相关作品
  • 出版社相关作品

书目信息

  • 表格格式
  • 工作单格式
  • 卡片格式
书名: Prehospital drug therapy
作者: Sheryl M. Gonsoulin, William Raynovich.
分册号:
分册名:
出版地: St. Louis :
 
出版社: Mosby Lifeline
出版时间: c1994.
页数: xv, 318 p. :
开本: 24 cm.
丛书名:
中图分类号:
科图分类号:
其他分类号: R453
主题词:
电子资源:
000 01162pam a2200337 a 450
001 E0733969706
005 20070512093119.13
008 930112s1994 moua b 001 0 eng c
010    @a93000120
020    @a0801619696.
035    @A(DLC) 93000120
040    @aDNLM/DLC@cDLC@dDLC
050 00 @aRM301@b.G65 1994
060    @aWB 105 G639p 1994
082 00 @a615.5/8@2 20
090    @aR453
099    @dR453@ex58
100 1  @aGonsoulin, Sheryl M.
245 10 @aPrehospital drug therapy / @cSheryl M. Gonsoulin, William Raynovich.
260    @aSt. Louis :@bMosby Lifeline,@cc1994.
300    @axv, 318 p. :@bill. ;@c24 cm.
504    @aIncludes bibliographical references and index.
650  0 @aAllied health personnel.
650  0 @aPharmacology.
650  0 @aMedical emergencies@xChemotherapy.
650  2 @aDrug Therapy.
650  2 @aEmergencies.
700 1  @aRaynovich, William.
906    @a7@bcbc@corignew@d1@eocip@f19@gy-gencatlg
955    @apc17 to NLM 01-12-93; yn13 to ASCD 01-19-93; jc02 01-21-93; jc03 01-27-93; aa07 01-27-93; CIP ver. pv08 09-20-93
991    @bc-GenColl@hRM301@i.G65 1994@p00025917662@tCopy 1@wBOOKS
    
    Prehospital drug therapy / / Sheryl M. Gonsoulin, William Raynovich.-St. Louis : : Mosby Lifeline, , c1994.
    xv, 318 p. : : ill. ; ; 24 cm.
    Includes bibliographical references and index.
    
    ISBN 0801619696.
    
●
相关链接 在E读中查询图书 在五车中查询图书 在当当中查询图书 在豆瓣中查询图书


正题名:Prehospital drug therapy     索取号:R453/x58         预约/预借

序号 登录号 条形码 馆藏地/架位号 状态 备注
1 0007934   300079340   第二样本阅览室/ [索取号:R453/x58] 在馆    
2 0007935   300079359   第四借阅区/ [索取号:R453/x58] 在馆    
3 0007936   300079368   第四借阅区/ [索取号:R453/x58] 在馆    
唐山师范学院图书馆 欢迎您!
大连网信软件有限公司© 版权所有